000 00383nam a22001457a 4500
003 OSt
008 250212b |||||||| |||| 00| 0 eng d
020 _a9789348140005
100 _aMANISHA
245 _aBrain Tumor Detection Using Deep Learning
260 _aNew Delhi:
_bNaples Indian Publication:
_c2024.
300 _a134p.
650 _aFaculty Publication
942 _2ddc
_cBK
999 _c13133
_d13133